00486nam a2200217Ia 4500001000700000003000500007008004100012010001100053040000900064082001200073100001900085245004200104260003700146300001100183440000500194500000500199503000500204650002200209650001600231650002100247Z_4895CHAP220113s1981 xx 000 0 und d a167949 cCHAP a820 H8y aHuxley, Aldous aUn mundo feliz /cpor Aldous Huxley aMéxico, D. F. :bDiana,c1981 a253 p. a a a aCiencia ficción aLiteratura  aNovela inglesa